000 01444nam a22002177a 4500
999 _c60365
_d60365
003 Ge_BSU
005 20230705160144.0
008 230705s2018ge xxu||||| |||| 00| 0 geo d
020 _a9789941958113
041 _ageo
080 _a656(479.22)(09) გ-26
100 _aგეგეშიძე, მიხეილ.
_94146
245 _aტრანსპორტის ისტორიისათვის საქართველოში :
_bმასალები საქართველოს ისტორიის სახელმძღვანელოსათვის) 1954 : [მონოგრაფია] /
_cმიხეილ გეგეშიძე ; რედ. როლანდ თოფჩიშვილი ;
264 _aთბილისი :
_b საჩინო,
_c2018.
300 _a82 გვ. :
_bსურ. ;
_c 20 სმ.
504 _aბიბლიოგრ. ტექსტის შენიშვნებში
653 _aტრანსპორტის ისტორია საქართველოში.
700 _aთოფჩიშვილი, როლანდ,
_dრედაქტორი
_919171
710 _aსაქ. პარლამენტის ეროვნული ბიბ-კა, ივანე ჯავახიშვილის სახ. თბილისის სახელმწ. უნ-ტი.
_918761
942 _2udc
_cBK